00870nam a2200229Ia 4500003000400000005001700004006001800021007000300039008004100042024001000083037001100093040001800104041001300122100001700135110008700152245023800239260000900477650001300486700002800499700002600527700008700553OSt20220930084710.0a|||||r|||| 00| 0ta220926b |||||||| |||| 00| 0 eng d a85919 cTheses aCRLcCRLbeng 2engaeng aDiwakar Amit aUniversity of Delhi. Faculty of Medical Sciences. Department of Pulmonary Medicine 0aStudy of multi - drug resistant pulmonary tuberculosis cases to observe the initial clinical, bacteriological and radiological response to treatment correlated with modulation of TNF-alpha, nitric oxide and IFN-gama receptor response c2006 aMEDICINE a Prof. Mridula Bose Gu. a Prof. S. N. Gaur Gu. aUniversity of Delhi. Faculty of Medical Sciences. Department of Pulmonary Medicine